00402 2200157 4500001002100000008004100021035002000062245003700082100001500119260003200134300002200166020002200188084001400210082000800224990001200232INLIS000000000002752 IND  a0010-0925000099 aRomance Story: JatuhcAri Keling aAri Keling aJakartabRumah Oranyec2014 a208c(13 x 19 cm) a978-602-1588-71-0 a813 ARI c a813 a0754974